00278nam a2200121Ia 4500003000400000005001700004008004100021020001900062040000900081100002300090245002100113260002200134OSt20240219122747.0170524s9999 xx 000 0 und d a978-8126110667 cIIMT aSudan- Amrik Singh 0aHotel Management bAnmol publication